| 000 | 00426nam a2200169Ia 4500 | ||
|---|---|---|---|
| 005 | 20260330112742.0 | ||
| 008 | 260330s9999||||xx |||||||||||||| ||und|| | ||
| 020 | _a9789582003586 | ||
| 041 | _aspa | ||
| 100 | _aAgudelo Duque , Adalberto | ||
| 245 | 0 |
_aJavier Carbonero / _cAdalberto Agudelo Duque |
|
| 250 | _a1 ed. | ||
| 260 |
_aBogota : _bMontaƱa Magica. _c1997 |
||
| 300 | _a134 p. | ||
| 650 | _aCUENTO | ||
| 942 | _cBKL | ||
| 999 |
_c3303 _d3303 |
||